000 01989nab a2200265 a 4500
005 20250206130658.0
007 ta
008 250206e2025 dr mr|p|r||||||0| | spa d
022 _a2078-4929
040 _aDO-SdBNP
_cDO-SdBNP
_erda
041 _hspa
245 _aArquitectura y turismo :
_bpilares del desarrollo sostenible de la República Dominicana /
_cArquitexto.
264 _aSanto Domingo, República Dominicana :
_bArquitexto,
_c2025.
300 _apágina 1 :
_bilustraciones, fotografías ;
_c27 cm.
336 _atexto
_btxt
_2rdacontent
337 _asin mediación
_bn
_2rdamedia
338 _avolumen
_bnc
_2rdacarrier
362 _aAño 39, Número 125, (enero, 2025).
521 _aArquitexto celebra con orgullo su edición número 125, un logro trascendental que refleja casi cuatro décadas de compromiso con la arquitectura y el diseño. En esta ocasión especial, dedicamos nuestras páginas a uno de los sectores más dinámicos de la economía dominicana: el turismo. Desde los años setenta, en la República Dominicana la concepción del desarrollo turístico basado en «polos» ha evolucionado hacia un concepto más integral, el de «destino». Hoy, el territorio completo se perfila como un destino único, donde cada rincón ofrece una experiencia turística única. Esta edición aborda la arquitectura turística de la República Dominicana desde múltiples enfoques, en particular la planificación, el diseño y la sostenibilidad como pilares del desarrollo turístico y del liderazgo del país en el Caribe.
650 0 _aTurismo
_zCaribe (Región) República Dominicana
_vPublicaciones periódicas
_963967
650 0 _aDesarrollo social
_zRepública Dominicana
_vPublicaciones periódicas
_97783
773 0 _036884
_9320461
_aArquitexto
_o2025-0797
_tArquitexto. :
_w(DO-SdBNP)000037394
_x2078-4929
856 _uhttps://arquitexto.com/2025/01/arquitectura-y-turismo-pilares-del-desarrollo-sostenible-de-la-republica-dominicana/
942 _2ddc
_cISSUE
999 _c58102
_d58102